Software libre para una alfabetización TIC sostenible : (Registro nro. 13885)
[ vista simple ]
| 000 -LEADER | |
|---|---|
| fixed length control field | 02224nam a22003137a 4500 |
| 003 - CONTROL NUMBER IDENTIFIER | |
| control field | DO-SdBNP |
| 005 - DATE AND TIME OF LATEST TRANSACTION | |
| control field | 20211122075540.0 |
| 007 - PHYSICAL DESCRIPTION FIXED FIELD--GENERAL INFORMATION | |
| fixed length control field | ta |
| 008 - FIXED-LENGTH DATA ELEMENTS--GENERAL INFORMATION | |
| fixed length control field | 210225b 2020 dr a 00| 0 spa d |
| 020 ## - INTERNATIONAL STANDARD BOOK NUMBER | |
| International Standard Book Number | 9789945921144 |
| 040 ## - CATALOGING SOURCE | |
| Original cataloging agency | DO-SdBNP |
| Language of cataloging | spa |
| Transcribing agency | BPMSU |
| 082 #4 - DEWEY DECIMAL CLASSIFICATION NUMBER | |
| Classification number | 378.1734 |
| Item number | M181s 2020 |
| Edition number | 22 |
| 100 1# - MAIN ENTRY--PERSONAL NAME | |
| Personal name | Madé, Manuel |
| 245 10 - TITLE STATEMENT | |
| Title | Software libre para una alfabetización TIC sostenible : |
| Remainder of title | un estudio de factibilidad en el contexto educativo de la República Dominicana / |
| Statement of responsibility, etc. | Manuel Madé Zabala ; cuidado de la edición Fari Rosario. |
| 260 ## - PUBLICATION, DISTRIBUTION, ETC. (IMPRINT) | |
| Place of publication, distribution, etc. | Santo Domingo : |
| Name of publisher, distributor, etc. | Instituto Tecnológico de Santo Domingo, |
| Date of publication, distribution, etc. | 2020. |
| 300 ## - PHYSICAL DESCRIPTION | |
| Extent | 287 p. : |
| Other physical details | il. ; |
| Dimensions | 23 cm. |
| 500 ## - GENERAL NOTE | |
| General note | Incluye datos biográficos del autor en las solapas. |
| 500 ## - GENERAL NOTE | |
| General note | Incluye referencias bibliográficas y notas al pie de las páginas. |
| 500 ## - GENERAL NOTE | |
| General note | Incluye índice de tablas |
| 504 ## - BIBLIOGRAPHY, ETC. NOTE | |
| Bibliography, etc | Bibliografía : p. 273-287 |
| 505 0# - FORMATTED CONTENTS NOTE | |
| Formatted contents note | Capítulo 1-- |
| Title | De la alfabetización tradicional a la integración del software -- |
| -- | Evolución de la alfabetización -- |
| -- | Enfoques CTS en la alfabetización -- |
| -- | El software en la alfabetización -- |
| -- | La industria del software de cara a la alfabetización -- |
| Miscellaneous information | Capítulo 2. |
| Title | Aspectos pedagógicos y filosóficos del software libre -- |
| -- | Aspectos pedagógicos -- |
| -- | Aspectos filosóficos de la alfabetización con software libre -- |
| Miscellaneous information | Capítulo 3. |
| Title | El contexto dominicano, las TIC y el software libre -- |
| -- | Síntesis del contexto geográfico y sociodemográfico -- |
| -- | Las TIC en el contexto educativo dominicano -- |
| -- | El software libre en el contexto dominicano -- |
| -- | Reflexión final -- |
| Miscellaneous information | Capítulo 4. |
| Title | Diseño de investigación y estudio empírico -- |
| -- | Metodología -- |
| -- | Técnicas y diseño de los instrumentos -- |
| -- | Muestreo y sujetos de la investigación -- |
| -- | Recolección de los datos -- |
| Miscellaneous information | Capítulo 5. |
| Title | Resultados -- |
| -- | Estudio preliminar -- |
| -- | Intervención en el centro educativo con software libre -- |
| -- | Análisis FODA/DAFO -- |
| -- | Conclusiones y recomendaciones. |
| 590 ## - LOCAL NOTE (RLIN) | |
| Local note | Inventariado, 2021 /LP<br/><br/> |
| 650 #4 - SUBJECT ADDED ENTRY--TOPICAL TERM | |
| Topical term or geographic name as entry element | Software libre. |
| General subdivision | Innovación tecnológicas. |
| 650 #4 - SUBJECT ADDED ENTRY--TOPICAL TERM | |
| Topical term or geographic name as entry element | Alfabetización tecnológica. |
| Source of heading or term | |
| 650 #4 - SUBJECT ADDED ENTRY--TOPICAL TERM | |
| Topical term or geographic name as entry element | aInnovaciones educativas. |
| 700 1# - ADDED ENTRY--PERSONAL NAME | |
| Personal name | Rosario, Fari, |
| Relator term | ed. |
| 910 ## - USER-OPTION DATA (OCLC) | |
| User-option data | VMateo V. |
| 942 ## - ADDED ENTRY ELEMENTS (KOHA) | |
| Source of classification or shelving scheme | Dewey Decimal Classification |
| Koha item type | Libros |